1980 1021 1478 1437 1287 1309 1540 1357 1363 1808 1472 1405 1914 1457 1067 1701 1344 1737 1070 1956 1899 1045 1980 1144 1831 1301 1728 1305 1602 1813 1991 1716 1235 1155 1627 1664 1376 1965 1111 1699 1062 1244 1705 1432 1311 1977 1759 1636 1146 1300 1903 1300 1673 1634 1374 1727 1331 1227 1521 1344 1904 1133 1013 1656 1561 1934 1920 1742 1499 1377 1708 1310 1074 1075 1195 1427 1741 1760 1330 1914 1371 1355 1081 1883 1474 1453 1362 1221 1299 1031 1717 1593 1018 1211 1769 1241 1973 1430 1695 BCNSPRNW ULIB Ver.6.0+V

เปลี่ยนเป็นภาษาไทย

Change to English
 แสดงรายละเอียดบรรณานุกรม
  กลับหน้าหลัก

Brief Record : Get Marc (ISO 2709) : E-mail record : QR code < ปิดหน้าต่าง
LEADER : 00000nam 2200000uu 4500
001    13399122931
003     ULIB
008    131104s2547||||th 000 0 tha d
020    9744658029
099    ^aวจ.WY18.8^bด197ค
100 0  ^aดวงเนตร ธรรมกุล
245 00 ^aความเอื้ออาทรของอาจารย์พยาบาล ตามการรับรู้ของอาจารย์พยาบาลและนักศึกษาพยาบาล/^cดวงเนตร ธรรมกุล และ ศิริพร ครุฑกาศ
260    ^aนนทบุรี :^bวิทยาลัยพยาบาลบรมราชชนนี นนทบุรี,^c2547
300    ^a66 หน้า :^bตาราง
500    ^aรายงานการวิจัย
650  7 ^aความเอื้ออาทร^xอาจารย์พยาบาล^xวิจัย
700 02 ^aศิริพร ครุฑกาศ
710 1  ^aวิทยาลัยพยาบาลบรมราชชนนี นนทบุรี
945    ^p0^l0^i20243
995    ^aทศพร
999    ^aทศพร
รายการนี้ยังไม่มีแท็ก
คุณยังไม่ได้ล็อกอิน คุณสามารถมีกิจกรรมร่วมกับเว็บไซต์ได้ แต่ต้องล็อกอินก่อน ::
  ล็อกอิน

รายการสื่อสารสนเทศ

ลำดับที่ ประเภท เลขเรียก/บาร์โค้ด สถานที่ สถานะ
1. งานวิจัย
งานวิจัย
วจ.WY18.8 ด197ค ฉ.1 
  Barcode: 20243
ห้องสมุดวิทยาเขตนครสวรรค์
►วิจัย:l:Research Room
บนชั้น

BibComment


ยังไม่เคยถูกคอมเมนท์

คอมเมนท์ทรัพยากรรายการนี้
  คอมเมนท์: ความเอื้ออาทรของ..


 Copyright 2026. Bcnsprnw @Library